ARRUPE JESUIT UNIVERSITY

CORONAVIRUS -STOP THE SPREAD - CLEAN,DISINFECT,COVER

Maps of flesh and light : (Record no. 124723)

MARC details
000 -LEADER
fixed length control field 01237cam a2200325 a 4500
001 - CONTROL NUMBER
control field 1071371
003 - CONTROL NUMBER IDENTIFIER
control field ARRUPE
005 - DATE AND TIME OF LATEST TRANSACTION
control field 20160427123522.0
008 - FIXED-LENGTH DATA ELEMENTS--GENERAL INFORMATION
fixed length control field 911004s1993 nyuag b 001 0deng
010 ## - LIBRARY OF CONGRESS CONTROL NUMBER
LC control number 91033315
020 ## - INTERNATIONAL STANDARD BOOK NUMBER
International Standard Book Number 081562560X (alk. paper)
020 ## - INTERNATIONAL STANDARD BOOK NUMBER
International Standard Book Number 0815626118 (pbk.)
040 ## - CATALOGING SOURCE
Original cataloging agency DLC
Transcribing agency DLC
Modifying agency DLC
043 ## - GEOGRAPHIC AREA CODE
Geographic area code e------
050 00 - LIBRARY OF CONGRESS CALL NUMBER
Classification number BV5077.E85
Item number M27 1993
082 00 - DEWEY DECIMAL CLASSIFICATION NUMBER
Classification number 248.2/2/082
Edition number 20
300 ## - PHYSICAL DESCRIPTION
Other physical details ill., music ;
Dimensions 24 cm.
100 ## - MAIN ENTRY--PERSONAL NAME
Personal name Wiethaus, Ulrike
9 (RLIN) 24145
245 00 - TITLE STATEMENT
Title Maps of flesh and light :
Remainder of title the religious experience of medieval women mystics /
Statement of responsibility, etc edited by Ulrike Wiethaus.
250 ## - EDITION STATEMENT
Edition statement 1st ed.
260 ## - PUBLICATION, DISTRIBUTION, ETC. (IMPRINT)
Place of publication, distribution, etc Syracuse, N.Y. :
Name of publisher, distributor, etc Syracuse University Press,
Date of publication, distribution, etc 1993.
300 ## - PHYSICAL DESCRIPTION
Extent xii, 206 p. :
504 ## - BIBLIOGRAPHY, ETC. NOTE
Bibliography, etc Includes bibliographical references (p. 183-197) and index.
650 #0 - SUBJECT ADDED ENTRY--TOPICAL TERM
Topical term or geographic name as entry element Women mystics
Geographic subdivision Europe.
9 (RLIN) 24146
650 #0 - SUBJECT ADDED ENTRY--TOPICAL TERM
Topical term or geographic name as entry element Mysticism
Geographic subdivision Europe
General subdivision History
Chronological subdivision Middle Ages, 600-1500.
9 (RLIN) 24147
650 #0 - SUBJECT ADDED ENTRY--TOPICAL TERM
Topical term or geographic name as entry element Experience (Religion)
9 (RLIN) 24148
700 1# - ADDED ENTRY--PERSONAL NAME
Personal name Wiethaus, Ulrike.
9 (RLIN) 24149
906 ## - LOCAL DATA ELEMENT F, LDF (RLIN)
a 7
b cbc
c orignew
d 1
e ocip
f 19
g y-gencatlg
942 ## - ADDED ENTRY ELEMENTS (KOHA)
Source of classification or shelving scheme Library of Congress Classification
Koha item type Monograph ( Printed materials)
Holdings
Withdrawn status Lost status Source of classification or shelving scheme Damaged status Not for loan Collection code Home library Current library Shelving location Date acquired Total Checkouts Full call number Barcode Date last seen Price effective from Koha item type
    Library of Congress Classification     Main Collection ARRUPE LIBRARY ARRUPE LIBRARY Main Collection 27/04/2016   BV5077.E85M27 1993 46500006863 24/01/2017 27/04/2016 Monograph ( Printed materials)

 

Arrupe Library. PO Box MP320 Mt Pleasant, Harare, Zimbabwe
263 242 745411|librarian@aju.ac.zw